[Event "Montreal CMA Futurity ABCD"]
[Site "Montreal"]
[Date "2017.02.12"]
[Round "5"]
[White "Germain, Michel"]
[Black "Saha, Ananda"]
[Result "1/2-1/2"]
[WhiteElo "1945"]
[BlackElo "1997"]
[PlyCount "137"]
[EventDate "2017.02.10"]
[EventType "swiss"]
[EventRounds "5"]
[EventCountry "CAN"]
[SourceTitle "EXT 2022"]
[Source "ChessBase"]
[SourceDate "2021.10.06"]
[SourceVersion "1"]
[SourceVersionDate "2021.10.06"]
[SourceQuality "1"]

1. e4 c5 2. Nf3 e6 3. d3 d6 4. Be2 Nc6 5. 0-0 Nge7 6. Nc3 g6 7. Bg5 Bg7 8. Qd2 0-0 9. Bh6 Rb8 10. Bxg7 Kxg7 11. a4 a6 12. d4 Qc7 13. h3 Rd8 14. d5 exd5 15. Nxd5 Nxd5 16. exd5 Ne7 17. c4 Bd7 18. a5 b5 19. axb6 Qxb6 20. Ra2 a5 21. Rfa1 a4 22. Qc3+ Kg8 23. Qf6 Nf5 24. Ng5 Rf8 25. Ne4 Qd8 26. Qxd8 Rfxd8 27. Nf6+ Kg7 28. Nxd7 Rxd7 29. Bd1 Rdb7 30. Bxa4 Rxb2 31. Rxb2 Rxb2 32. Bd7 Nd4 33. Ra6 Kf6 34. Ra7 Rb4 35. Be8 Rxc4 36. Rxf7+ Ke5 37. Rxh7 Rc1+ 38. Kh2 Kxd5 39. Bxg6 c4 40. Rc7 c3 41. h4 c2 42. h5 Nc6 43. Bf7+ Kc5 44. Be8 Rh1+ 45. Kg3 c1Q 46. Rxc6+ Kd5 47. Rxc1 Rxc1 48. Kf4 Ke6 49. g4 Rc4+ 50. Kg5 Ke7 51. h6 Kf8 52. Bd7 Rc5+ 53. Kf6 Kg8 54. g5 Rc2 55. f4 d5 56. Be6+ Kh8 57. Bxd5 Rf2 58. f5 Rf1 59. Be6 Rg1 60. Kg6 Rh1 61. Kf7 Rg1 62. Kf6 Rg2 63. Bd7 Kh7 64. Be8 Rg1 65. Bc6 Rg3 66. Be4 Rg4 67. Bd5 Rg1 68. g6+ Kxh6 69. Bg8 1/2-1/2

[Event "Montreal CMA Futurity ABCD"]
[Site "Montreal"]
[Date "2017.02.11"]
[Round "3"]
[White "Huang, Qiuyu"]
[Black "Germain, Michel"]
[Result "1/2-1/2"]
[WhiteElo "1955"]
[BlackElo "1945"]
[PlyCount "134"]
[EventDate "2017.02.10"]
[EventType "swiss"]
[EventRounds "5"]
[EventCountry "CAN"]
[SourceTitle "EXT 2022"]
[Source "ChessBase"]
[SourceDate "2021.10.06"]
[SourceVersion "1"]
[SourceVersionDate "2021.10.06"]
[SourceQuality "1"]

1. e4 d5 2. exd5 Qxd5 3. Nc3 Qa5 4. d3 Nf6 5. h3 c6 6. Bd2 Qc7 7. Qe2 a5 8. g4 g6 9. Bg2 Bg7 10. f4 Be6 11. Nf3 Nd5 12. Nxd5 Bxd5 13. c3 Nd7 14. 0-0 Nc5 15. Be3 Ne6 16. Rae1 h5 17. f5 hxg4 18. hxg4 gxf5 19. gxf5 Be5 20. Nxe5 Qxe5 21. Bxd5 Qxd5 22. Qg2 Nc7 23. Qxd5 Nxd5 24. c4 Nxe3 25. Rxe3 Kd7 26. Rf2 Rag8+ 27. Kf1 c5 28. Ke2 Rh6 29. Kd2 Rg5 30. Re5 Kd6 31. Rd5+ Kc6 32. Re5 Rf6 33. Kc3 a4 34. b4 axb3 35. axb3 e6 36. fxe6 Rxe5 37. Rxf6 fxe6 38. Rf8 Rf5 39. Re8 Kd7 40. Rh8 Rf7 41. Rh6 e5 42. Rb6 Kc7 43. Re6 Rf5 44. Kd2 Kd7 45. Rb6 Kc7 46. Rh6 Rf2+ 47. Kc3 Rf5 48. Rg6 Kd7 49. Rg7+ Kc6 50. Re7 Rh5 51. Rg7 Rh6 52. Rg2 Re6 53. Re2 b5 54. Ra2 b4+ 55. Kd2 Kb6 56. Ke3 Rh6 57. Rf2 Rh1 58. Rb2 Rh4 59. Re2 Kc6 60. Kf3 Rf4+ 61. Ke3 Kd6 62. Ra2 Rf1 63. Ra6+ Kc7 64. Re6 Rb1 65. Rxe5 Kd6 66. Rd5+ Kc6 67. Rh5 Rxb3 1/2-1/2

[Event "Montreal Mercredi 09"]
[Site "Montreal"]
[Date "2014.09.24"]
[Round "4"]
[White "Lopez Linares, Lizandro Fernando"]
[Black "Germain, Michel"]
[Result "1/2-1/2"]
[WhiteElo "2118"]
[BlackElo "1982"]
[PlyCount "85"]
[EventDate "2014.09.03"]
[EventType "swiss"]
[EventRounds "5"]
[EventCountry "CAN"]
[SourceTitle "EXT 2022"]
[Source "ChessBase"]
[SourceDate "2021.10.06"]
[SourceVersion "1"]
[SourceVersionDate "2021.10.06"]
[SourceQuality "1"]

1. d4 Nf6 2. Nf3 c5 3. c3 b6 4. Bf4 Bb7 5. Nbd2 g6 6. e3 Bg7 7. Bd3 cxd4 8. cxd4 Nc6 9. 0-0 0-0 10. a3 Nh5 11. Bg5 d6 12. Rc1 a6 13. b4 b5 14. Nb3 Qd7 15. Be4 Rac8 16. Nfd2 e6 17. Bf3 Nf6 18. Rc2 Rc7 19. Qe2 Rfc8 20. Rfc1 Nd8 21. Rxc7 Rxc7 22. Bxb7 Nxb7 23. Bxf6 Bxf6 24. Qf3 Kg7 25. Qd1 Qc8 26. Kf1 Rxc1 27. Qxc1 Qxc1+ 28. Nxc1 a5 29. Ke2 Be7 30. Kd3 axb4 31. axb4 d5 32. Na2 Nd8 33. Nb3 Nc6 34. Nc5 Kf8 35. Kc3 Bd6 36. h3 Ke7 37. Kb3 Kd8 38. Nc3 Na7 39. e4 dxe4 40. N3xe4 Be7 41. Kc3 Kc7 42. Nd3 Nc6 43. Ndc5 1/2-1/2

[Event "Quebec op U2000"]
[Site "Montreal"]
[Date "2012.07.21"]
[Round "1"]
[White "Germain, Michel"]
[Black "Johnson, Nicholas1111"]
[Result "0-1"]
[WhiteElo "1972"]
[BlackElo "1725"]
[PlyCount "52"]
[EventDate "2012.07.21"]
[EventType "swiss"]
[EventRounds "9"]
[EventCountry "CAN"]
[SourceTitle "EXT 2022"]
[Source "ChessBase"]
[SourceDate "2021.10.06"]
[SourceVersion "1"]
[SourceVersionDate "2021.10.06"]
[SourceQuality "1"]

1. Nf3 d5 2. c4 c6 3. d4 Nf6 4. Qc2 dxc4 5. Qxc4 Bg4 6. Ne5 Be6 7. Qd3 Nbd7 8. Bf4 Qb6 9. Nd2 Nd5 10. e3 Nxf4 11. exf4 Nxe5 12. dxe5 g6 13. Be2 Bf5 14. Qc3 h5 15. 0-0 0-0-0 16. Nc4 Qd4 17. Qa5 Rd5 18. Qa4 Bh6 19. g3 Kb8 20. Qa3 Bh3 21. Rfd1 Qe4 22. Ne3 g5 23. f3 Rxd1+ 24. Rxd1 Qg6 25. Qxe7 gxf4 26. Rd7 Bxd7 0-1

[Event "Montreal Pere Noel op"]
[Site "Montreal"]
[Date "2009.12.29"]
[Round "4"]
[White "Rousseau, Daniel"]
[Black "Germain, Michel"]
[Result "1-0"]
[WhiteElo "2181"]
[BlackElo "1948"]
[PlyCount "23"]
[EventDate "2009.12.26"]
[EventType "swiss"]
[EventRounds "5"]
[EventCountry "CAN"]
[SourceTitle "EXT 2011"]
[Source "ChessBase"]
[SourceDate "2010.11.26"]
[SourceVersion "1"]
[SourceVersionDate "2010.11.26"]
[SourceQuality "1"]

1. e4 c5 2. Nf3 d6 3. d4 cxd4 4. Nxd4 Nf6 5. Nc3 Nc6 6. Bg5 e6 7. Qd2 Be7 8. 0-0-0 Nxd4 9. Qxd4 Qa5 10. Bb5+ Bd7 11. Bxd7+ Nxd7 12. Bxe7 1-0

[Event "Montreal Pere Noel op"]
[Site "Montreal"]
[Date "2009.12.28"]
[Round "3"]
[White "Germain, Michel"]
[Black "Kovalyov, Anton"]
[Result "0-1"]
[WhiteElo "1948"]
[BlackElo "2591"]
[PlyCount "70"]
[EventDate "2009.12.26"]
[EventType "swiss"]
[EventRounds "5"]
[EventCountry "CAN"]
[SourceTitle "EXT 2011"]
[Source "ChessBase"]
[SourceDate "2010.11.26"]
[SourceVersion "1"]
[SourceVersionDate "2010.11.26"]
[SourceQuality "1"]

1. Nf3 e6 2. d4 Nf6 3. c4 b6 4. g3 Ba6 5. Qc2 Bb7 6. Bg2 c5 7. 0-0 Be7 8. Rd1 cxd4 9. Nxd4 Bxg2 10. Kxg2 Qc7 11. e4 a6 12. f3 0-0 13. Bf4 d6 14. Be3 Rc8 15. Nd2 Nbd7 16. Rac1 Qb7 17. Qb1 Rc7 18. Kf2 Rac8 19. Ne2 Ne5 20. b3 Nfd7 21. Nf4 b5 22. cxb5 Qxb5 23. a4 Qb7 24. Rxc7 Rxc7 25. Nd3 Qc8 26. f4 Ng4+ 27. Ke2 Nxe3 28. Kxe3 Rc3 29. Ke2 Nc5 30. Nxc5 Qxc5 31. Nc4 Qh5+ 32. Kd2 Rf3 33. Kc2 Qxh2+ 34. Rd2 Qxg3 35. f5 Rc3+ 0-1

[Event "Masson Coupe Defi"]
[Site "Masson"]
[Date "1993.09.19"]
[Round "3"]
[White "Germain, Michel"]
[Black "Amigues, Emmanuel"]
[Result "0-1"]
[WhiteElo "1854"]
[BlackElo "1691"]
[PlyCount "66"]
[EventDate "1993.09.18"]
[EventType "swiss"]
[EventRounds "4"]
[EventCountry "CAN"]
[SourceTitle "EXT 2022"]
[Source "ChessBase"]
[SourceDate "2021.10.06"]
[SourceVersion "1"]
[SourceVersionDate "2021.10.06"]
[SourceQuality "1"]

1. c4 e5 2. Nc3 Nc6 3. Nf3 f5 4. d4 e4 5. Ng1 Nf6 6. f3 Bb4 7. a3 Bxc3+ 8. bxc3 h6 9. Nh3 0-0 10. Nf2 d6 11. e3 Qe7 12. fxe4 Nxe4 13. Qd3 Bd7 14. Ra2 Rad8 15. Re2 Na5 16. g3 Nb3 17. Bb2 Bc6 18. Bg2 Nec5 19. dxc5 Bxg2 20. cxd6 Qxd6 21. Qc2 Bxh1 22. Nxh1 Nc5 23. Nf2 Ne4 24. Nd3 Rd7 25. Nf2 Qc6 26. Qb3 Kh8 27. Qb4 Re8 28. a4 Nxf2 29. Kxf2 Qh1 30. h4 f4 31. gxf4 Qxh4+ 32. Kf3 Qh3+ 33. Kf2 Rd1 0-1